000 00744nam a2200241Ia 4500
003 OSt
005 20220925203711.0
006 a|||||r|||| 00| 0
007 ta
008 220923b |||||||| |||| 00| 0 eng d
037 _cGeneral Book
040 _aRTL
_cRTL
_beng
041 _2eng
_aeng
082 _aY4, L0
100 _aUdy Stanley H
_9266833
245 0 _aWork in traditional and modern society
260 _aEnglewood
_bCliffs New Jersey Prentice-Hall
_c1970
300 _aix, 134p
_ccm.
490 _aModernization of Traditional Societies Series . Ed by Wilbert E Moore and N J Smelser
650 _aOccupational Sociology
_9230967
942 _hY4, L0
_cGB
_2CC
999 _c547468
_d547468